Biblioteca práctica de la salud: feng shui práctica para la salud (Registro nro. 5495)
[ vista simple ]
| 000 -CABECERA | |
|---|---|
| campo de control de longitud fija | 00631ata a2200217 4500 |
| 005 - FECHA Y HORA DE ACTUALIZACIÓN | |
| campo de control | 20160823140246.0 |
| 008 - LONGITUD FIJA | |
| campo de control de longitud fija | 150514b xxu||||| |||| 00| 0 spa d |
| 041 ## - IDIOMA | |
| Código de idioma del texto/pista de sonido o título separado | |
| 082 ## - CLASIFICACIÓN DECIMAL DEWEY | |
| Número de clasificación | 133.333.7 B482b |
| 245 ## - TÍTULO PROPIAMENTE DICHO | |
| Título | Biblioteca práctica de la salud: feng shui práctica para la salud |
| 260 ## - PIE DE IMPRENTA | |
| Lugar de publicación, distribución, etc. | España |
| Nombre del editor, distribuidor, etc. | Océano |
| Fecha de publicación, distribución, etc. | 2003 |
| 500 ## - NOTA GENERAL | |
| Nota general | TOMO 7 |
| 650 ## - Materia General | |
| Materia general | FENG SHUI |
| 650 ## - Materia General | |
| Materia general | ENERGíA DEL LUGAR |
| 650 ## - Materia General | |
| Materia general | ORIENTACIÓN |
| 650 ## - Materia General | |
| Materia general | ENTORNO |
| 650 ## - Materia General | |
| Materia general | ENERGÍA DE LOS MORADORES |
| 650 ## - Materia General | |
| Materia general | DISTRIBUCIÓN DE LA CASA |
| 650 ## - Materia General | |
| Materia general | DISEÑO DE LA CASA |
| 942 ## - Punto de Acceso Adicional Koha | |
| Tipo de ítem Koha | Libro |
| Estado perdido | Estado dañado | No para préstamo | Biblioteca permanente | Biblioteca actual | Signatura completa | Código de barras | Precio efectivo a partir del | Tipo de ítem |
|---|---|---|---|---|---|---|---|---|
| Departamento de Biblioteca y Documentación Alfonso Chase Brenes | Departamento de Biblioteca y Documentación Alfonso Chase Brenes | 133.333.7 B482b | 14486 | 23/08/2016 | Libro |